Historic Counties of Scotland - Statistics

General Stats
  • This quiz has been taken 38 times
  • The average score is 13 of 34
Answers on the Map
Answers color-coded by a green-red scale on the quiz's map according to % correct below.
 
Answer Stats
Answer % Correct
Orkney
60%
Perthshire
60%
Aberdeenshire
53%
Angus
53%
Midlothian
53%
Wigtownshire
53%
Ayrshire
47%
Dumfriesshire
47%
East Lothian
47%
Fife
47%
Inverness-shire
47%
Peeblesshire
47%
West Lothian
47%
Berwickshire
40%
Caithness
40%
Roxburghshire
40%
Selkirkshire
40%
Shetland
40%
Sutherland
40%
Argyllshire
33%
Buteshire
33%
Dunbartonshire
33%
Lanarkshire
33%
Morayshire
33%
Stirlingshire
33%
Clackmannanshire
27%
Cromartyshire
27%
Kinross-shire
27%
Banffshire
20%
Kincardineshire
20%
Kirkcudbrightshire
20%
Nairnshire
20%
Renfrewshire
20%
Ross-shire
20%
No matching quizzes found
Score Distribution
Percent of People with Each Score
Percentile by Number Answered
Your Score History
You have not taken this quiz